| 000 | 00585nam a22002177a 4500 | ||
|---|---|---|---|
| 003 | OSt | ||
| 005 | 20140310183045.0 | ||
| 008 | 130227t xxu||||| |||| 00| 0 eng d | ||
| 020 | _a971086498X | ||
| 050 |
_aDS 653.7 _b.L431 2004 |
||
| 082 |
_aF923.1 _b.L431 2004 |
||
| 245 |
_aMga dakilang lider na Pilipino / _cLazaro, Isagani L. |
||
| 250 | _a5th ed. | ||
| 260 |
_aMandaluyong City : _bNational Book Store, _cc2004 |
||
| 300 |
_axix, 228 p. : _bill., _c22cm |
||
| 521 | _aBasic Ed. Students | ||
| 541 | _j1 | ||
| 541 | _j1 | ||
| 562 | _e2 | ||
| 942 |
_2lcc _cBK _kFIL |
||
| 999 |
_c18574 _d18574 |
||